[Event "BLR-ch (Women)"]
[Site "Minsk"]
[Date "2010.01.22"]
[Round "9"]
[White "Klimets, Elena"]
[Black "Kaliadzich, Maryia"]
[Result "1-0"]
[WhiteElo "2092"]
[BlackElo "1801"]
[PlyCount "69"]
[EventDate "2010.01.14"]
[EventType "tourn"]
[EventRounds "9"]
[EventCountry "BLR"]
[SourceTitle "CBM 134 Extra"]
[Source "ChessBase"]
[SourceDate "2010.03.03"]
[SourceVersion "1"]
[SourceVersionDate "2010.03.03"]
[SourceQuality "1"]

1. e4 c6 2. d4 d5 3. exd5 cxd5 4. Bd3 Nc6 5. c3 Nf6 6. Bf4 Bg4 7. Qb3 Qd7 8. Nd2 e6 9. Ngf3 Bxf3 10. Nxf3 Be7 11. Ne5 Qc8 12. 0-0 0-0 13. Qc2 a6 14. Rae1 h6 15. Qd2 Rd8 16. Bxh6 Kf8 17. Bxg7+ Kxg7 18. Qg5+ Kf8 19. Qh6+ Ke8 20. Qh8+ Bf8 21. Qxf6 Nxe5 22. Qxe5 Bd6 23. Qe3 Kd7 24. f4 Rh8 25. c4 dxc4 26. Rc1 Qf8 27. Rxc4 Qh6 28. h3 Rag8 29. Qf3 Ke7 30. f5 Rg3 31. Qxb7+ Kf6 32. fxe6+ Kg5 33. Qd5+ Kh4 34. Qe4+ Kh5 35. Be2+ 1-0

[Event "BLR-ch (Women)"]
[Site "Minsk"]
[Date "2010.01.21"]
[Round "8"]
[White "Homiakova, Elena"]
[Black "Klimets, Elena"]
[Result "1-0"]
[WhiteElo "2123"]
[BlackElo "2092"]
[PlyCount "55"]
[EventDate "2010.01.14"]
[EventType "tourn"]
[EventRounds "9"]
[EventCountry "BLR"]
[SourceTitle "CBM 134 Extra"]
[Source "ChessBase"]
[SourceDate "2010.03.03"]
[SourceVersion "1"]
[SourceVersionDate "2010.03.03"]
[SourceQuality "1"]

1. e4 d6 2. d4 Nf6 3. Nc3 g6 4. Bg5 Bg7 5. Qd2 h6 6. Bh4 g5 7. Bg3 Nh5 8. 0-0-0 Nd7 9. Bc4 Nb6 10. Bb3 e6 11. Nge2 Bd7 12. d5 e5 13. f3 Nf4 14. Rhg1 Qe7 15. Bf2 0-0-0 16. a4 Nxe2+ 17. Qxe2 Qe8 18. a5 Na4 19. Bxa4 Bxa4 20. Bxa7 Bd7 21. a6 b6 22. Qc4 b5 23. Qb4 g4 24. Qa5 Qe7 25. Nxb5 Bxb5 26. Qxb5 c5 27. Qc6+ Qc7 28. Bb6 1-0

[Event "BLR-ch (Women)"]
[Site "Minsk"]
[Date "2010.01.15"]
[Round "2"]
[White "Kasperovich, Ekaterina"]
[Black "Klimets, Elena"]
[Result "0-1"]
[WhiteElo "2101"]
[BlackElo "2092"]
[PlyCount "94"]
[EventDate "2010.01.14"]
[EventType "tourn"]
[EventRounds "9"]
[EventCountry "BLR"]
[SourceTitle "CBM 134 Extra"]
[Source "ChessBase"]
[SourceDate "2010.03.03"]
[SourceVersion "1"]
[SourceVersionDate "2010.03.03"]
[SourceQuality "1"]

1. d4 d6 2. Nf3 g6 3. c4 Bg7 4. Nc3 c5 5. e3 cxd4 6. exd4 Nc6 7. d5 Nb8 8. h3 Nf6 9. Be2 0-0 10. 0-0 a5 11. Be3 Na6 12. Nd4 Nc5 13. Qc2 Bd7 14. b3 Qc8 15. Kh2 Na6 16. a3 Nc7 17. Qd2 Na6 18. Bf3 Ne8 19. Rac1 Nc5 20. Nce2 a4 21. b4 Nb3 22. Nxb3 axb3 23. Bd4 Rxa3 24. Qb2 Ra8 25. Qxb3 Bh6 26. Be3 Bg7 27. c5 Bb5 28. cxd6 Qb8 29. Bf4 Nxd6 30. Rfe1 Qd8 31. Nc3 Bc4 32. Qd1 Re8 33. Kg1 Qb6 34. Bxd6 exd6 35. Rxe8+ Rxe8 36. Qa4 Qd8 37. Qc2 Qe7 38. Rd1 b5 39. Qd2 Qe5 40. Ne4 h6 41. g4 Ra8 42. Kg2 Ra2 43. Qe1 Qf4 44. Ng3 Be5 45. Nf1 Bxf1+ 46. Kxf1 Qxf3 47. Kg1 Bh2+ 0-1

[Event "WMSG Rapid Team 1st (Women)"]
[Site "Beijing"]
[Date "2008.10.15"]
[Round "3"]
[White "Klimets, Elena"]
[Black "Arnetta, Marianna"]
[Result "0-1"]
[WhiteElo "2129"]
[BlackElo "2000"]
[PlyCount "54"]
[EventDate "2008.10.14"]
[EventType "team (rapid)"]
[EventRounds "9"]
[EventCountry "CHN"]
[SourceTitle "CBM 126 Extra"]
[Source "ChessBase"]
[SourceDate "2008.11.05"]
[SourceVersion "1"]
[SourceVersionDate "2008.11.05"]
[SourceQuality "1"]

1. e4 e6 2. d4 d5 3. Nd2 Nf6 4. e5 Nfd7 5. Bd3 c5 6. c3 Nc6 7. Ne2 Qb6 8. Nf3 cxd4 9. cxd4 f6 10. exf6 Nxf6 11. 0-0 Bd6 12. Bg5 0-0 13. Qb1 h6 14. Bxf6 Rxf6 15. Bh7+ Kf8 16. Qd3 Bd7 17. a3 Re8 18. Nh4 Ke7 19. Bg6 Ref8 20. b4 Be8 21. Rad1 Kd7 22. Bxe8+ Kxe8 23. Ng6 R8f7 24. f4 Qc7 25. Qe3 Rxg6 26. f5 Rgf6 27. fxe6 Bxh2+ 0-1

[Event "WMSG Rapid Team 1st (Women)"]
[Site "Beijing"]
[Date "2008.10.15"]
[Round "5"]
[White "Klimets, Elena"]
[Black "Domarkaite, Laima"]
[Result "1/2-1/2"]
[WhiteElo "2129"]
[BlackElo "2165"]
[PlyCount "115"]
[EventDate "2008.10.14"]
[EventType "team (rapid)"]
[EventRounds "9"]
[EventCountry "CHN"]
[SourceTitle "CBM 126 Extra"]
[Source "ChessBase"]
[SourceDate "2008.11.05"]
[SourceVersion "1"]
[SourceVersionDate "2008.11.05"]
[SourceQuality "1"]

1. e4 c5 2. Nc3 Nc6 3. g3 g6 4. Bg2 Bg7 5. d3 d6 6. f4 e6 7. Nf3 Nge7 8. 0-0 0-0 9. Be3 Nd4 10. e5 Nef5 11. Bf2 Qb6 12. Na4 Qa5 13. c3 Nxf3+ 14. Bxf3 Bd7 15. b3 Bxa4 16. bxa4 dxe5 17. g4 Nd6 18. Bh4 Qc7 19. fxe5 Bxe5 20. Qd2 Rfe8 21. d4 Bg7 22. Rad1 Nc4 23. Qe2 cxd4 24. cxd4 Rac8 25. Rc1 Bxd4+ 26. Kh1 a6 27. Qe4 Qe5 28. Qxb7 Nd6 29. Rxc8 Rxc8 30. Qxa6 Qc5 31. Bg3 e5 32. Qe2 Qc3 33. Bd5 Kg7 34. Bh4 e4 35. Be7 Qc5 36. Rxf7+ Nxf7 37. Bxc5 Rxc5 38. Bxe4 Rc1+ 39. Kg2 Rg1+ 40. Kf3 Ne5+ 41. Kf4 Rxg4+ 42. Qxg4 Nxg4 43. Kxg4 Bc3 44. Bc6 Kf6 45. Kf4 h6 46. Ke4 Ke6 47. Kd3 Ba5 48. Kc4 Kd6 49. Be4 g5 50. Kb5 Be1 51. a5 Kc7 52. a6 Kb8 53. h3 Ka7 54. Bb7 h5 55. Kc4 h4 56. Kd3 Bb4 57. Ke4 Bd2 58. Kd5 1/2-1/2

[Event "WMSG Rapid Team 1st (Women)"]
[Site "Beijing"]
[Date "2008.10.14"]
[Round "2"]
[White "Guo, Emma"]
[Black "Klimets, Elena"]
[Result "1/2-1/2"]
[WhiteElo "1752"]
[BlackElo "2129"]
[PlyCount "74"]
[EventDate "2008.10.14"]
[EventType "team (rapid)"]
[EventRounds "9"]
[EventCountry "CHN"]
[SourceTitle "CBM 126 Extra"]
[Source "ChessBase"]
[SourceDate "2008.11.05"]
[SourceVersion "1"]
[SourceVersionDate "2008.11.05"]
[SourceQuality "1"]

1. e4 d6 2. d4 Nf6 3. Nc3 g6 4. f3 d5 5. e5 Ng8 6. Bd3 h5 7. f4 Nh6 8. Nf3 Bf5 9. Be3 c6 10. Qd2 Bxd3 11. Qxd3 e6 12. 0-0-0 Nf5 13. Kb1 Nd7 14. Rdg1 Be7 15. Ne2 Qb6 16. g3 c5 17. Bf2 0-0-0 18. h3 c4 19. Qd2 Ba3 20. c3 Be7 21. g4 Ng7 22. Bh4 Bxh4 23. Nxh4 hxg4 24. hxg4 Rdg8 25. Nf3 Qd8 26. Qe1 Qe7 27. Rxh8 Rxh8 28. Rh1 Qf8 29. Ng3 Kd8 30. Kc2 Ke7 31. Qg1 Qg8 32. Rh2 Nf8 33. Qh1 Rxh2+ 34. Qxh2 Qh7 35. Qxh7 Nxh7 36. b3 b5 37. b4 Ke8 1/2-1/2

[Event "WMSG Rapid Team 1st (Women)"]
[Site "Beijing"]
[Date "2008.10.14"]
[Round "1"]
[White "Klimets, Elena"]
[Black "Fronda Pascua, Jan Jodilyn"]
[Result "0-1"]
[WhiteElo "2129"]
[BlackElo "1996"]
[PlyCount "106"]
[EventDate "2008.10.14"]
[EventType "team (rapid)"]
[EventRounds "9"]
[EventCountry "CHN"]
[SourceTitle "CBM 126 Extra"]
[Source "ChessBase"]
[SourceDate "2008.11.05"]
[SourceVersion "1"]
[SourceVersionDate "2008.11.05"]
[SourceQuality "1"]

1. e4 c5 2. Nc3 Nc6 3. g3 g6 4. Bg2 Bg7 5. d3 Rb8 6. Be3 d6 7. a4 a6 8. f4 Nf6 9. Nf3 0-0 10. h3 Bd7 11. 0-0 Ne8 12. Qd2 f5 13. exf5 gxf5 14. Rae1 Nd4 15. Ng5 h6 16. Nf3 Nc7 17. Bxd4 cxd4 18. Ne2 Ne6 19. Qb4 b5 20. a5 Rc8 21. Nexd4 Nxd4 22. Nxd4 e5 23. Bd5+ Kh8 24. fxe5 dxe5 25. Nf3 Qc7 26. Qh4 Qc5+ 27. d4 Qxd5 28. Nxe5 Kh7 29. c3 Rce8 30. Nxd7 Qxd7 31. Qf4 Rxe1 32. Rxe1 b4 33. Re2 Qb5 34. Re7 Qxa5 35. Qe5 Qxe5 36. dxe5 bxc3 37. bxc3 Rc8 38. Ra7 Rxc3 39. e6 Rxg3+ 40. Kf2 Rg6 41. e7 Re6 42. Rxa6 Rxe7 43. Kf3 Be5 44. Ra5 Kg6 45. Ra6+ Bf6 46. Rb6 Rc7 47. Rb3 Kg5 48. Kg3 Rc3+ 49. Rxc3 Bxc3 50. Kf3 f4 51. Ke4 Ba5 52. Kf3 Kf5 53. Kf2 Ke5 0-1

[Event "WMSG Blitz Team 1st (Women)"]
[Site "Beijing"]
[Date "2008.10.13"]
[Round "3"]
[White "Klimets, Elena"]
[Black "Tsai, Cindy"]
[Result "0-1"]
[WhiteElo "2129"]
[BlackElo "2152"]
[PlyCount "162"]
[EventDate "2008.10.13"]
[EventType "team (blitz)"]
[EventRounds "11"]
[EventCountry "CHN"]
[SourceTitle "CBM 126 Extra"]
[Source "ChessBase"]
[SourceDate "2008.11.05"]
[SourceVersion "1"]
[SourceVersionDate "2008.11.05"]
[SourceQuality "1"]

1. e4 c5 2. Nc3 d6 3. g3 g6 4. Bg2 Bg7 5. d3 Nc6 6. f4 e6 7. Nf3 Nge7 8. 0-0 0-0 9. Be3 Nd4 10. e5 dxe5 11. fxe5 Nef5 12. Bf2 Rb8 13. Ne4 b6 14. g4 Nxf3+ 15. Qxf3 Nh4 16. Bxh4 Qxh4 17. Nf6+ Kh8 18. Qf4 Bh6 19. Qg3 Qxg3 20. hxg3 Be3+ 21. Kh2 Kg7 22. Rh1 h6 23. Rae1 Bg5 24. Kg1 Rd8 25. Ne4 Be7 26. Kf2 Bb7 27. Re2 Bd5 28. b3 b5 29. c4 bxc4 30. dxc4 Bc6 31. Rc1 Rd4 32. Rcc2 Rbd8 33. Ke3 Bxe4 34. Bxe4 Bg5+ 35. Kf3 Rd2 36. Rcxd2 Rxd2 37. Rxd2 Bxd2 38. Bb7 f6 39. Ke4 Bc3 40. exf6+ Kxf6 41. Bc8 e5 42. Bd7 Ke7 43. Bc6 Be1 44. Kf3 Kf6 45. Bd5 Kg5 46. Bf7 Bc3 47. Be8 Be1 48. a3 a5 49. Bd7 Bc3 50. Be8 Be1 51. Ke2 Bxg3 52. Kf3 Be1 53. Bd7 Bc3 54. Ke4 h5 55. gxh5 gxh5 56. Kf3 Kh4 57. Kg2 Bd4 58. Bf5 Kg5 59. Be4 Kg4 60. Bb7 h4 61. Kh2 Kg5 62. Kh3 Kh5 63. Bd5 Kg5 64. Be4 Be3 65. Bd5 Bc1 66. Be4 Bxa3 67. Bd5 Bc1 68. Be4 Be3 69. Bd5 Bf2 70. Be4 Kf4 71. Bd5 e4 72. Be6 e3 73. Bg4 Ke4 74. Be2 Kd4 75. Kg2 Kc3 76. Bd1 Kd2 77. Bf3 e2 78. Bxe2 Kxe2 79. Kh3 Kd2 80. Kg2 Kc3 81. Kh3 Kxb3 0-1

[Event "WMSG Blitz Team 1st (Women)"]
[Site "Beijing"]
[Date "2008.10.13"]
[Round "7"]
[White "Maslikova, Veronika"]
[Black "Klimets, Elena"]
[Result "1-0"]
[WhiteElo "2187"]
[BlackElo "2129"]
[PlyCount "117"]
[EventDate "2008.10.13"]
[EventType "team (blitz)"]
[EventRounds "11"]
[EventCountry "CHN"]
[SourceTitle "CBM 126 Extra"]
[Source "ChessBase"]
[SourceDate "2008.11.05"]
[SourceVersion "1"]
[SourceVersionDate "2008.11.05"]
[SourceQuality "1"]

1. e4 d6 2. d4 Nf6 3. Nc3 g6 4. f3 c5 5. dxc5 dxc5 6. Qxd8+ Kxd8 7. Be3 b6 8. 0-0-0+ Nbd7 9. e5 Ne8 10. Bb5 Kc7 11. Nd5+ Kb7 12. Nxe7 Bxe7 13. Bxd7 Nc7 14. Ne2 Rd8 15. Bxc8+ Raxc8 16. c4 Ne6 17. Nc3 Nd4 18. Nd5 Nc6 19. f4 Bf8 20. a3 h5 21. Kc2 Bh6 22. g3 Rd7 23. Nf6 Nd4+ 24. Bxd4 Rxd4 25. Rxd4 cxd4 26. Kd3 Rd8 27. Re1 Bg7 28. Nd5 b5 29. b3 Bf8 30. a4 bxc4+ 31. bxc4 Ka6 32. Kxd4 Ka5 33. Rb1 Rd7 34. Kc3 Bc5 35. Rb5+ Kxa4 36. Rxc5 Rb7 37. Rc7 Rb3+ 38. Kc2 a5 39. Nc3+ Ka3 40. Ra7 Rb2+ 41. Kd3 Rxh2 42. Rxa5+ Kb4 43. Rb5+ Ka3 44. Rb1 Rg2 45. Ne2 Rh2 46. Ke3 h4 47. gxh4 Rxh4 48. c5 Rh3+ 49. Ke4 Rh4 50. c6 Rh8 51. c7 Rc8 52. Rc1 Kb4 53. Nd4 Ka5 54. f5 gxf5+ 55. Nxf5 Kb6 56. Ne7 Rxc7 57. Nd5+ Kb5 58. Nxc7+ Kb6 59. Nd5+ 1-0

[Event "Wch U20 Girls"]
[Site "Gaziantep"]
[Date "2008.08.15"]
[Round "13"]
[White "Tsatsalashvili, Ketevan"]
[Black "Klimets, Elena"]
[Result "1/2-1/2"]
[WhiteElo "2271"]
[BlackElo "2150"]
[PlyCount "42"]
[EventDate "2008.08.03"]
[EventType "swiss"]
[EventRounds "13"]
[EventCountry "TUR"]
[SourceTitle "CBM 125 Extra"]
[Source "ChessBase"]
[SourceDate "2008.09.01"]
[SourceVersion "1"]
[SourceVersionDate "2008.09.01"]
[SourceQuality "1"]

1. d4 d6 2. Nf3 g6 3. c4 Bg7 4. e4 c5 5. d5 e6 6. Nc3 Bxc3+ 7. bxc3 e5 8. Be2 Qa5 9. Qc2 Nd7 10. Nd2 Nb6 11. Rb1 Bd7 12. 0-0 0-0-0 13. f4 f6 14. fxe5 fxe5 15. Rf7 Qa4 16. Nb3 h6 17. Be3 Be8 18. Rf8 Bd7 19. Rf7 Be8 20. Rf8 Bd7 21. Rf7 Be8 1/2-1/2

[Event "Wch U20 Girls"]
[Site "Gaziantep"]
[Date "2008.08.14"]
[Round "12"]
[White "Klimets, Elena"]
[Black "Chierici, Marianna"]
[Result "1/2-1/2"]
[WhiteElo "2150"]
[BlackElo "2037"]
[PlyCount "119"]
[EventDate "2008.08.03"]
[EventType "swiss"]
[EventRounds "13"]
[EventCountry "TUR"]
[SourceTitle "CBM 125 Extra"]
[Source "ChessBase"]
[SourceDate "2008.09.01"]
[SourceVersion "1"]
[SourceVersionDate "2008.09.01"]
[SourceQuality "1"]

1. e4 c5 2. Nf3 Nc6 3. Bb5 d6 4. Bxc6+ bxc6 5. d4 cxd4 6. Qxd4 e5 7. Qd3 Be7 8. c4 Nf6 9. Nc3 0-0 10. 0-0 Rb8 11. b3 Qc7 12. Rd1 Rd8 13. Bg5 h6 14. Bh4 Be6 15. Rac1 Nh5 16. Nd5 cxd5 17. cxd5 Qd7 18. dxe6 Qxe6 19. Bxe7 Qxe7 20. g3 Nf6 21. Qe2 Rb4 22. Rc4 Qb7 23. Nxe5 Rxc4 24. Qxc4 Rc8 25. Qxf7+ Qxf7 26. Nxf7 Kxf7 27. Rxd6 Nxe4 28. Rd7+ Kf6 29. Rxa7 Rc2 30. Ra4 Nc3 31. Ra6+ Kf5 32. a4 Kg4 33. Kg2 Ne4 34. Rg6+ Kf5 35. Rxg7 Rxf2+ 36. Kg1 Rb2 37. Rf7+ Kg5 38. Rf4 Nc5 39. Rc4 Nd3 40. Rc3 Ne5 41. h3 Kf5 42. Re3 Nc6 43. Rf3+ Ke4 44. Rf2 Rxb3 45. Kg2 Nd4 46. Ra2 Nf5 47. g4 Nh4+ 48. Kh2 Nf3+ 49. Kg2 Ng5 50. a5 Nxh3 51. Ra4+ Ke5 52. a6 Nf4+ 53. Kf2 Rb2+ 54. Kg3 Rb3+ 55. Kf2 Rb8 56. a7 Ra8 57. Ra5+ Ke6 58. Ra6+ Ke5 59. Ra5+ Ke6 60. Ra6+ 1/2-1/2

[Event "Wch U20 Girls"]
[Site "Gaziantep"]
[Date "2008.08.12"]
[Round "10"]
[White "Klimets, Elena"]
[Black "Pourkashiyan, Atousa"]
[Result "0-1"]
[WhiteElo "2150"]
[BlackElo "2269"]
[PlyCount "60"]
[EventDate "2008.08.03"]
[EventType "swiss"]
[EventRounds "13"]
[EventCountry "TUR"]
[SourceTitle "CBM 125 Extra"]
[Source "ChessBase"]
[SourceDate "2008.09.01"]
[SourceVersion "1"]
[SourceVersionDate "2008.09.01"]
[SourceQuality "1"]

1. d4 Nf6 2. Nf3 e6 3. e3 b6 4. Bd3 Bb7 5. 0-0 c5 6. b3 Be7 7. Bb2 Nc6 8. a3 0-0 9. Nbd2 d5 10. Qe2 a5 11. dxc5 bxc5 12. e4 Re8 13. e5 Nd7 14. c4 Bf8 15. h4 g6 16. Ng5 Ncxe5 17. Bxe5 Nxe5 18. Qxe5 f6 19. Nxe6 fxe5 20. Nxd8 Rexd8 21. cxd5 Bxd5 22. Be4 a4 23. Rfb1 axb3 24. Bxd5+ Rxd5 25. Rb2 Rxd2 26. Rxd2 c4 27. Re1 c3 28. Rd7 Rc8 29. Rb7 b2 30. a4 Ba3 0-1

[Event "Wch U20 Girls"]
[Site "Gaziantep"]
[Date "2008.08.05"]
[Round "4"]
[White "Klimets, Elena"]
[Black "Daulyte Cornette, Deimante"]
[Result "0-1"]
[WhiteElo "2150"]
[BlackElo "2288"]
[PlyCount "54"]
[EventDate "2008.08.03"]
[EventType "swiss"]
[EventRounds "13"]
[EventCountry "TUR"]
[SourceTitle "CBM 125 Extra"]
[Source "ChessBase"]
[SourceDate "2008.09.01"]
[SourceVersion "1"]
[SourceVersionDate "2008.09.01"]
[SourceQuality "1"]

1. d4 Nf6 2. Nf3 g6 3. Nc3 d5 4. Bf4 Bg7 5. e3 c6 6. Be2 Bg4 7. h3 Bxf3 8. Bxf3 Nbd7 9. Qd2 0-0 10. g4 b5 11. h4 Ne8 12. e4 e5 13. dxe5 Nxe5 14. Be2 b4 15. Nd1 Nd6 16. exd5 Ndc4 17. Qxb4 Qxd5 18. Rh3 Qg2 19. Bf1 Qe4+ 20. Ne3 Rab8 21. Qa4 Qxf4 22. Bxc4 Rxb2 23. Bb3 Nd3+ 24. Ke2 Qxa4 25. Bxa4 Nf4+ 26. Kf3 Nxh3 27. Rh1 Rb4 0-1

[Event "BLR-ch (Women) 52nd"]
[Site "Minsk"]
[Date "2008.03.12"]
[Round "3"]
[White "Popova, Natalija"]
[Black "Klimets, Elena"]
[Result "1/2-1/2"]
[WhiteElo "2252"]
[BlackElo "2113"]
[PlyCount "193"]
[EventDate "2008.03.10"]
[EventType "swiss"]
[EventRounds "11"]
[EventCountry "BLR"]
[SourceTitle "CBM 123 Extra"]
[Source "ChessBase"]
[SourceDate "2008.05.06"]
[SourceVersion "1"]
[SourceVersionDate "2008.05.06"]
[SourceQuality "1"]

1. e4 d6 2. d4 Nf6 3. Nc3 g6 4. Nf3 Bg7 5. h3 0-0 6. Be3 Nc6 7. a3 d5 8. e5 Ne8 9. Qd2 f6 10. Bh6 fxe5 11. Bxg7 Nxg7 12. dxe5 d4 13. Ne2 Ne6 14. 0-0-0 Rxf3 15. gxf3 Qd5 16. Kb1 Qxf3 17. Rg1 Qxf2 18. Bg2 Nxe5 19. Nxd4 Qxd2 20. Rxd2 Nc4 21. Rdd1 Nf4 22. Bf1 Nd6 23. h4 e5 24. Nb5 Bf5 25. Nxd6 cxd6 26. Bc4+ Kg7 27. Rxd6 Rc8 28. b3 b5 29. Bd3 Nxd3 30. cxd3 Rc3 31. Kb2 Rxd3 32. Rxd3 Bxd3 33. Kc3 e4 34. Kd4 Kf6 35. Ke3 h6 36. Kf4 a5 37. Rg3 a4 38. bxa4 bxa4 39. Rg1 Bc2 40. Rc1 g5+ 41. Ke3 Bb3 42. Rc6+ Kg7 43. hxg5 hxg5 44. Kxe4 Kf7 45. Kf5 Ke7 46. Kxg5 Kd7 47. Rh6 Kc7 48. Kf5 Bd5 49. Ke5 Bc6 50. Kd4 Kb6 51. Kc4 Ka5 52. Rh5+ Kb6 53. Kb4 Bd7 54. Rh6+ Bc6 55. Rg6 Kb7 56. Rg7+ Kb6 57. Re7 Bb5 58. Re6+ Bc6 59. Rh6 Kb7 60. Kc5 Be4 61. Kb5 Bc2 62. Rb6+ Ka7 63. Kc6 Be4+ 64. Kc7 Bc2 65. Rh6 Bd1 66. Rf6 Bc2 67. Re6 Bd1 68. Kc6 Ka6 69. Rf6 Be2 70. Rf8 Bb5+ 71. Kc5 Ka5 72. Rf5 Bd3 73. Rg5 Bb5 74. Re5 Bf1 75. Kd4+ Bb5 76. Kc5 Bf1 77. Re8 Bb5 78. Ra8+ Ba6 79. Kd6 Kb6 80. Rb8+ Ka5 81. Kc5 Be2 82. Ra8+ Ba6 83. Kd4 Kb6 84. Kc3 Ka5 85. Re8 Bb5 86. Re5 Kb6 87. Kb4 Bd7 88. Re7 Bc6 89. Re6 Kb7 90. Kc5 Bf3 91. Rd6 Be4 92. Rd2 Ka6 93. Re2 Bd3 94. Rd2 Bb5 95. Kb4 Kb6 96. Rd6+ Bc6 97. Rh6 1/2-1/2

[Event "EU-ch U16 Girls"]
[Site "Urgup"]
[Date "2004.07.??"]
[Round "6"]
[White "Klimets, Elena"]
[Black "Foisor, Sabina Francesca"]
[Result "1/2-1/2"]
[WhiteElo "2135"]
[BlackElo "2176"]
[PlyCount "110"]
[EventDate "2004.08.??"]
[EventType "swiss"]
[EventRounds "9"]
[EventCountry "TUR"]
[SourceTitle "EXT 2005"]
[Source "ChessBase"]
[SourceDate "2004.11.15"]
[SourceVersion "1"]
[SourceVersionDate "2004.11.15"]
[SourceQuality "1"]

1. e4 g6 2. d4 Bg7 3. c3 d6 4. f4 c5 5. dxc5 dxc5 6. Qxd8+ Kxd8 7. Bc4 e6 8. a4 b6 9. Be3 Bb7 10. Nd2 Nf6 11. Ngf3 Ke7 12. Bd3 Rd8 13. Ke2 Nc6 14. a5 Rac8 15. axb6 axb6 16. Nc4 Nb8 17. Nxb6 Rc7 18. e5 Nd5 19. Nxd5+ Bxd5 20. Ra7 Rdd7 21. Rxc7 Rxc7 22. b4 c4 23. Bc2 f6 24. Bd4 fxe5 25. fxe5 Nd7 26. Re1 Rc8 27. Kf1 Rf8 28. Be4 g5 29. h3 h5 30. Kg1 g4 31. hxg4 hxg4 32. Nh2 g3 33. Nf1 Rg8 34. Nxg3 Bxe5 35. Bxe5 Nxe5 36. Nf5+ Kf6 37. Bxd5 exd5 38. Rf1 Ra8 39. Nd4+ Kg6 40. Rf5 Ng4 41. Rf1 Ra3 42. Nb5 Ra2 43. Re1 Kg5 44. Nc7 Rd2 45. g3 Nf6 46. b5 Kg4 47. Rb1 Kxg3 48. b6 Ne4 49. b7 Rg2+ 50. Kf1 Nd2+ 51. Ke1 Rg1+ 52. Kxd2 Rxb1 53. Nxd5 Rxb7 54. Ke3 Kg4 55. Kd4 Kf5 1/2-1/2